[Event "Chigorin Memorial"]
[Site "St Petersburg"]
[Date "2016.10.18"]
[Round "4.113"]
[White "Kuzmin, Egor"]
[Black "Lingur, Zalina"]
[Result "1-0"]
[WhiteElo "2259"]
[BlackElo "1986"]
[PlyCount "81"]
[EventDate "2016.10.15"]
[EventType "swiss"]
[EventRounds "9"]
[EventCountry "RUS"]

1. Nf3 c5 2. g3 Nc6 3. Bg2 g6 4. O-O Bg7 5. c4 e5 6. Nc3 d6 7. d3 Nge7 8. a3
O-O 9. Rb1 a5 10. Ne1 Be6 11. Nd5 f5 12. Nc2 Ra7 13. b4 axb4 14. axb4 b6 15.
Bd2 h6 16. Ra1 Rxa1 17. Qxa1 e4 18. Nxe7+ Nxe7 19. Qa6 exd3 20. exd3 Bf7 21.
Be3 g5 22. f4 gxf4 23. Rxf4 Bh5 24. Rf2 Ng6 25. d4 f4 26. gxf4 cxd4 27. Nxd4
Nxf4 28. Rxf4 Rxf4 29. Bxf4 Bxd4+ 30. Kh1 Qf8 31. Qa8 Qxa8 32. Bxa8 Bf7 33. Bd5
Bxd5+ 34. cxd5 Be5 35. Bxe5 dxe5 36. Kg2 Kf7 37. Kf3 b5 38. Ke4 Kf6 39. h3 Kg5
40. Kxe5 h5 41. d6 1-0

[Event "Chigorin Memorial"]
[Site "St Petersburg"]
[Date "2016.10.18"]
[Round "4.114"]
[White "Aseeva, Anastasia"]
[Black "Grinblat, Artemiy"]
[Result "1-0"]
[WhiteElo "1969"]
[BlackElo "2241"]
[PlyCount "89"]
[EventDate "2016.10.15"]
[EventType "swiss"]
[EventRounds "9"]
[EventCountry "RUS"]

1. d4 e6 2. g3 d5 3. c4 Nf6 4. Bg2 a6 5. Nf3 dxc4 6. O-O Nc6 7. e3 Rb8 8. Nfd2
Nd5 9. Nxc4 b5 10. Ncd2 Bb7 11. Nc3 Ncb4 12. e4 Nxc3 13. bxc3 Nd3 14. Nb3 Nxc1
15. Rxc1 Ba3 16. Rc2 O-O 17. c4 e5 18. dxe5 Qe7 19. f4 Rfd8 20. Qe2 Bc6 21. c5
a5 22. Qe3 Ra8 23. Na1 b4 24. Nb3 Bb5 25. Re1 Rd3 26. Qf2 a4 27. Nc1 b3 28.
Nxd3 bxc2 29. Qxc2 Rd8 30. Bf1 Bxd3 31. Bxd3 Qxc5+ 32. Kf1 Qd4 33. Rd1 Bc5 34.
Kg2 a3 35. Qe2 Rb8 36. Bc4 Qc3 37. Bb3 Rxb3 38. axb3 Qxb3 39. Qd3 Qb4 40. Rb1
Qa4 41. Rb8+ Bf8 42. Qd5 g6 43. e6 Kg7 44. Qe5+ f6 45. e7 1-0

[Event "Chigorin Memorial"]
[Site "St Petersburg"]
[Date "2016.10.18"]
[Round "4.115"]
[White "Nazarova, Anastasia"]
[Black "Siagodnik, Anton"]
[Result "0-1"]
[WhiteElo "1963"]
[BlackElo "2235"]
[PlyCount "198"]
[EventDate "2016.10.15"]
[EventType "swiss"]
[EventRounds "9"]
[EventCountry "RUS"]

1. e4 e5 2. Nf3 Nf6 3. d4 exd4 4. e5 Ne4 5. Qxd4 d5 6. exd6 Nxd6 7. Bd3 Nc6 8.
Qf4 g6 9. O-O Bg7 10. Re1+ Be6 11. Nc3 O-O 12. Bd2 a6 13. Rad1 Qf6 14. Qxf6
Bxf6 15. Ng5 Bg4 16. f3 Bf5 17. Bxf5 Nxf5 18. Nge4 Be5 19. Kh1 Nfd4 20. Rc1 Nb4
21. Nc5 Rfe8 22. Nd7 Bg7 23. Ne4 Nd5 24. c4 Red8 25. Ndc5 Nf6 26. Nxf6+ Bxf6
27. Nxb7 Rdb8 28. Nc5 Rxb2 29. Bc3 Rxa2 30. Red1 Rd8 31. Nb7 Rb8 32. Nc5 Rd8
33. Nb7 Rb8 34. Nc5 Ne2 35. Bxf6 Nxc1 36. Rxc1 Rc2 37. Rd1 Rxc4 38. Nd7 Ra8 39.
g4 h6 40. Kg2 Rc6 41. Ba1 a5 42. h4 a4 43. g5 h5 44. Nf6+ Kf8 45. Re1 Re6 46.
Rc1 c6 47. Bd4 a3 48. Bc5+ Kg7 49. Bd4 a2 50. Nxh5+ Kf8 51. Nf6 Ra4 52. Ba1
Re2+ 53. Kg3 Ke7 54. Ne4 Rb4 55. Rxc6 Rb1 56. Bf6+ Kd7 57. Ra6 Rc2 58. Ra7+ Ke6
59. Ra5 Kd7 60. Kf4 Rh1 61. Nc5+ Kc6 62. Nb3 Rxh4+ 63. Ke3 Rg2 64. Na1 Rh3 65.
Ke4 Re2+ 66. Kf4 Kb6 67. Ra3 Rg2 68. Rb3+ Kc5 69. Ke4 Kc4 70. Rc3+ Kb4 71. Rb3+
Ka4 72. Rb2 Rxb2 73. Bxb2 Kb4 74. Be5 Kc4 75. f4 Rh1 76. Kf3 Kd3 77. Kg2 Rb1
78. Kf3 Rb4 79. Kf2 Kd2 80. Kf3 Kc1 81. Ke3 Kb1 82. Kd2 Rb5 83. Bg7 Rb7 84. Bf6
Rb6 85. Be5 Rb5 86. Bg7 Rd5+ 87. Ke3 Rd7 88. Bf6 Rb7 89. Kd2 Rd7+ 90. Ke3 Kc1
91. Nb3+ Kd1 92. Nc5 Ra7 93. Nb3 Ra3 94. Ke4 Rxb3 95. Kd5 Kc2 96. Kd6 Rc3 97.
Ke7 a1=Q 98. Kxf7 Qa7+ 99. Kxg6 Rh3 0-1

[Event "Chigorin Memorial"]
[Site "St Petersburg"]
[Date "2016.10.18"]
[Round "4.116"]
[White "Nebolsina, Vera"]
[Black "Stepanov, Andrey"]
[Result "1-0"]
[WhiteElo "2219"]
[BlackElo "1976"]
[PlyCount "153"]
[EventDate "2016.10.15"]
[EventType "swiss"]
[EventRounds "9"]
[EventCountry "RUS"]

1. Nf3 Nf6 2. g3 g6 3. Bg2 Bg7 4. O-O O-O 5. d4 d5 6. c4 dxc4 7. Na3 c3 8. bxc3
c5 9. e3 Nc6 10. Qe2 Ne4 11. Bb2 Qa5 12. Rfc1 Rb8 13. d5 Nd8 14. c4 Bxb2 15.
Qxb2 f6 16. h4 Nf7 17. Nb5 a6 18. Nc3 Ned6 19. Ne2 Bg4 20. Nf4 Rfc8 21. a4 Bd7
22. Bh3 Bxh3 23. Nxh3 Qc7 24. Nf4 Qd7 25. Kg2 Qf5 26. Qc2 Qe4 27. Qxe4 Nxe4 28.
Ra2 b6 29. Ne1 Ne5 30. Ned3 Nxd3 31. Nxd3 b5 32. axb5 axb5 33. Ra5 Nd6 34. cxb5
Rxb5 35. Rxb5 Nxb5 36. Rxc5 Rxc5 37. Nxc5 Nc3 38. e4 Kf7 39. f3 Nd1 40. Kf1
Ne3+ 41. Ke2 Nc4 42. Nb7 Ke8 43. Kd3 Ne5+ 44. Ke3 Kf7 45. f4 Ng4+ 46. Kd4 Nh2
47. e5 Nf1 48. Kc5 fxe5 49. fxe5 Nxg3 50. Kc6 Ne4 51. Kd7 h6 52. d6 Nf6+ 53.
Kc6 exd6 54. exd6 g5 55. hxg5 hxg5 56. Nc5 g4 57. Ne4 g3 58. Nxg3 Ke8 59. Nf5
Nd7 60. Kc7 Ne5 61. Ne3 Nd7 62. Ng4 Nf8 63. Ne5 Ne6+ 64. Kc8 Nc5 65. Nd3 Nd7
66. Nf4 Nb6+ 67. Kc7 Nd7 68. Ne6 Nf6 69. Kc8 Kf7 70. Nf4 Ne4 71. d7 Nd6+ 72.
Kc7 Nb5+ 73. Kc6 Na7+ 74. Kc7 Nb5+ 75. Kd8 Nd6 76. Nd3 Ke6 77. Nc5+ 1-0

[Event "Chigorin Memorial"]
[Site "St Petersburg"]
[Date "2016.10.18"]
[Round "4.117"]
[White "Kuznetsov, Felix"]
[Black "Grishaev, Igor"]
[Result "1-0"]
[WhiteElo "2200"]
[BlackElo "1956"]
[PlyCount "93"]
[EventDate "2016.10.15"]
[EventType "swiss"]
[EventRounds "9"]
[EventCountry "RUS"]

1. f4 g6 2. Nf3 Bg7 3. g3 e6 4. Bg2 Ne7 5. O-O c5 6. e4 Nbc6 7. Nc3 d6 8. d3
Rb8 9. f5 exf5 10. Nh4 O-O 11. Kh1 Nd4 12. Bg5 h6 13. Bxe7 Qxe7 14. Nd5 Qe5 15.
c3 fxe4 16. Bxe4 Nc6 17. Qd2 Qg5 18. Qg2 f5 19. Bf3 Kh7 20. Nf4 Ne7 21. Rae1
Be5 22. Qe2 Rf7 23. Nd5 Nc6 24. b4 Bd7 25. Qf2 b6 26. Bg2 cxb4 27. d4 Bh8 28.
Nf4 Rg7 29. cxb4 Re8 30. Rxe8 Bxe8 31. Rc1 Ne7 32. Rc7 Qf6 33. Qe2 Rf7 34. Rxa7
Nc6 35. Rxf7+ Bxf7 36. Bxc6 g5 37. Nxf5 gxf4 38. Be4 d5 39. Bd3 Bg6 40. Ne7 f3
41. Bxg6+ Kg7 42. Qe5 f2 43. Bd3 Kf7 44. Qxf6+ Bxf6 45. Nxd5 Bxd4 46. Kg2 Ke6
47. Nf4+ 1-0

[Event "Chigorin Memorial"]
[Site "St Petersburg"]
[Date "2016.10.18"]
[Round "4.118"]
[White "Anchutin, Nikita"]
[Black "Shinkevich, Maksim"]
[Result "1/2-1/2"]
[WhiteElo "2198"]
[BlackElo "1938"]
[PlyCount "143"]
[EventDate "2016.10.15"]
[EventType "swiss"]
[EventRounds "9"]
[EventCountry "RUS"]

1. d4 Nf6 2. Nf3 g6 3. g3 Bg7 4. Bg2 O-O 5. c4 d6 6. O-O Nbd7 7. Nc3 e5 8. e4
c6 9. h3 a6 10. a4 b6 11. Be3 Ne8 12. Qd2 Qc7 13. Rad1 exd4 14. Nxd4 Ne5 15.
Qe2 Be6 16. Nxe6 fxe6 17. f4 Nd7 18. h4 Nc5 19. h5 Rc8 20. hxg6 hxg6 21. Qg4
Qf7 22. e5 Qf5 23. Qxf5 gxf5 24. exd6 Nd7 25. Bd4 Nef6 26. Rfe1 Kf7 27. Na2 Rg8
28. Bf3 Bf8 29. Kg2 Rg6 30. Bc3 Bh6 31. Kf2 Ng4+ 32. Bxg4 Rxg4 33. Rh1 Rg6 34.
b4 c5 35. b5 axb5 36. cxb5 Ra8 37. a5 bxa5 38. Rb1 Nb6 39. Be5 Ke8 40. Rhc1 Nd7
41. b6 Nxe5 42. fxe5 Bxc1 43. Nxc1 Rg4 44. Nd3 Rc4 45. Rh1 Kd7 46. Nf4 Re4 47.
Nd3 Kc6 48. b7 Rb8 49. d7 c4 50. Rd1 Rd8 51. Nf4 Rxf4+ 52. gxf4 Kxb7 53. Rd4 c3
54. Ke3 Kc6 55. Rc4+ Kxd7 56. Rxc3 Rh8 57. Rc5 a4 58. Ra5 Rh3+ 59. Kd4 Rf3 60.
Kc5 a3 61. Ra7+ Kc8 62. Kd6 Rxf4 63. Rxa3 Re4 64. Kxe6 f4 65. Ra8+ Kb7 66. Rf8
Kc6 67. Rc8+ Kb7 68. Rc1 f3 69. Kf5 Re2 70. e6 f2 71. Rf1 Kc6 72. Rd1 1/2-1/2

[Event "Chigorin Memorial"]
[Site "St Petersburg"]
[Date "2016.10.18"]
[Round "4.119"]
[White "Yeritsyan, Hayk"]
[Black "Lepaev, Andrey"]
[Result "0-1"]
[WhiteElo "2191"]
[BlackElo "1935"]
[PlyCount "116"]
[EventDate "2016.10.15"]
[EventType "swiss"]
[EventRounds "9"]
[EventCountry "RUS"]

1. d4 d5 2. c4 e6 3. Nf3 Be7 4. g3 Nf6 5. Bg2 O-O 6. O-O dxc4 7. Ne5 c5 8. dxc5
Qc7 9. Nxc4 Qxc5 10. b3 Rd8 11. Qc2 Nc6 12. Ne3 Nd4 13. Qb2 Qh5 14. Nc3 Bb4 15.
Ned1 e5 16. a3 Bc5 17. Re1 Bf5 18. Ne3 Nc2 19. Bf3 Qg6 20. Nxc2 Bxc2 21. e4 Rd3
22. Be3 Bxe3 23. Rxe3 Rxe3 24. fxe3 Bd3 25. Rd1 Ba6 26. Rd6 Qg5 27. Qd2 Ne8 28.
Rd7 Qf6 29. Kg2 Qe6 30. Rd8 Rc8 31. h3 Kf8 32. Rxc8 Qxc8 33. Bg4 Qc5 34. b4 Qd6
35. Qd5 Qxd5 36. exd5 Bd3 37. e4 Nd6 38. Kf2 Bxe4 39. Ke3 Bg6 40. Be2 Nf5+ 41.
Kf2 Nd6 42. Ke3 f6 43. a4 Ke7 44. a5 Nf5+ 45. Kf2 Nd4 46. Bc4 b6 47. a6 f5 48.
b5 Be8 49. Na4 Bxb5 50. Nxb6 Bxa6 51. Ke3 axb6 52. Bxa6 Kd6 53. Bb7 Nb3 54. Bc8
g6 55. Be6 Nd4 56. Bg8 h6 57. g4 f4+ 58. Ke4 g5 0-1

[Event "Chigorin Memorial"]
[Site "St Petersburg"]
[Date "2016.10.18"]
[Round "4.120"]
[White "Khadzhiev, Valery"]
[Black "Shmoilov, Dmitry"]
[Result "0-1"]
[WhiteElo "2170"]
[BlackElo "1916"]
[PlyCount "60"]
[EventDate "2016.10.15"]
[EventType "swiss"]
[EventRounds "9"]
[EventCountry "RUS"]

1. d4 Nf6 2. c4 c5 3. d5 e6 4. Nc3 exd5 5. Nxd5 Nxd5 6. Qxd5 Nc6 7. Qd1 d6 8.
Nf3 Be7 9. e4 Bf6 10. Be2 O-O 11. O-O Re8 12. Nd2 Nd4 13. Bd3 g6 14. Nb3 Nc6
15. Re1 a5 16. Rb1 b6 17. Bf4 a4 18. Nc1 a3 19. b3 Bc3 20. Bd2 Bd4 21. Rf1 Qh4
22. g3 Qh3 23. Bf4 Re5 24. Be2 g5 25. Bxe5 Nxe5 26. Qd2 h6 27. Nd3 Ng6 28. Ne1
Bb7 29. Bf3 Nh4 30. gxh4 Be5 0-1

[Event "Chigorin Memorial"]
[Site "St Petersburg"]
[Date "2016.10.18"]
[Round "4.121"]
[White "Privalov, Igor"]
[Black "Tarnopolskiy, Lev"]
[Result "1-0"]
[WhiteElo "2163"]
[BlackElo "1913"]
[PlyCount "103"]
[EventDate "2016.10.15"]
[EventType "swiss"]
[EventRounds "9"]
[EventCountry "RUS"]

1. e4 c5 2. Nf3 d6 3. d4 cxd4 4. Nxd4 Nf6 5. Nc3 a6 6. Bg5 e6 7. f4 Be7 8. Qf3
Nfd7 9. Bxe7 Qxe7 10. O-O-O Nc6 11. Bc4 O-O 12. Rhe1 Rb8 13. Nxc6 bxc6 14. Qd3
Nb6 15. Bb3 Rd8 16. e5 d5 17. Ne4 Rd7 18. Ng5 g6 19. Qh3 f5 20. exf6 Qxf6 21.
Qxe6+ Qxe6 22. Rxe6 c5 23. c4 d4 24. Rc6 a5 25. Ne4 Re7 26. Nxc5 a4 27. Nxa4
Nxa4 28. Bxa4 Re2 29. Bb3 Bf5 30. Rxd4 Rxg2 31. Rcd6 Kg7 32. Rd2 Rg4 33. Bc2
Rxf4 34. Bxf5 gxf5 35. b3 Re8 36. Kc2 Rfe4 37. c5 f4 38. R6d3 Rc8 39. Rc3 Kg6
40. a3 Kf5 41. b4 Ke5 42. Kb3 Re3 43. Rd7 Rf8 44. Rxe3+ fxe3 45. Re7+ Kd4 46.
c6 Rf1 47. c7 Rc1 48. b5 e2 49. b6 Rc3+ 50. Kb2 Rc6 51. Rxe2 Rxb6+ 52. Kc1 1-0

[Event "Chigorin Memorial"]
[Site "St Petersburg"]
[Date "2016.10.18"]
[Round "4.122"]
[White "Fomin, Andrey"]
[Black "Kavyev, Ruslan"]
[Result "1-0"]
[WhiteElo "2150"]
[BlackElo "1890"]
[PlyCount "85"]
[EventDate "2016.10.15"]
[EventType "swiss"]
[EventRounds "9"]
[EventCountry "RUS"]

1. e4 c5 2. Nc3 d6 3. f4 Nc6 4. Nf3 g6 5. Bc4 Bg7 6. O-O Nf6 7. d3 O-O 8. h3
Nd7 9. Qe1 e6 10. Bb3 Na5 11. Bd2 Nxb3 12. axb3 a6 13. g4 Nb6 14. Nd1 f5 15. e5
fxg4 16. hxg4 d5 17. g5 Bd7 18. d4 Qc7 19. Rf2 Rf7 20. Rh2 cxd4 21. Nxd4 Bf8
22. Qh4 Bc5 23. Be3 Bb5 24. Nxe6 Bxe3+ 25. Nxe3 Qe7 26. Nd4 Raf8 27. Rf2 Bd7
28. Re1 Be6 29. Nxe6 Qxe6 30. Ng4 Rg7 31. Nf6+ Kh8 32. Rh2 Rff7 33. Qh3 Qc6 34.
c3 Re7 35. Qd3 a5 36. Kf2 Qc5+ 37. Kg3 Qc6 38. Reh1 Qc5 39. Re1 Qc6 40. c4 Rd7
41. e6 Rde7 42. cxd5 Qd6 43. Qd4 1-0

[Event "Chigorin Memorial"]
[Site "St Petersburg"]
[Date "2016.10.18"]
[Round "4.123"]
[White "Vunder, Andrey"]
[Black "Ismailov, Ulugbek"]
[Result "1-0"]
[WhiteElo "2147"]
[BlackElo "1895"]
[PlyCount "101"]
[EventDate "2016.10.15"]
[EventType "swiss"]
[EventRounds "9"]
[EventCountry "RUS"]

1. d4 Nf6 2. Nf3 d5 3. Bf4 e6 4. e3 c5 5. c3 Bd6 6. Nbd2 Nc6 7. Bg3 O-O 8. Bd3
b6 9. O-O Bb7 10. Ne5 Ne7 11. Qb1 Rc8 12. f4 g6 13. Bh4 Nf5 14. Bxf6 Qxf6 15.
Nd7 Qe7 16. Nxf8 Nxe3 17. Rf3 cxd4 18. Nxg6 hxg6 19. cxd4 Qf6 20. Nb3 Nc4 21.
g3 Na5 22. Kg2 Nxb3 23. axb3 a5 24. Qg1 Bc5 25. dxc5 Qxb2+ 26. Kh1 d4 27. c6
Bxc6 28. Raf1 Bb7 29. Qf2 Qxb3 30. Qxd4 Rc3 31. Be4 Bxe4 32. Qxe4 b5 33. Rxc3
Qxc3 34. Rd1 Kh7 35. g4 a4 36. f5 exf5 37. gxf5 g5 38. h4 Qh3+ 39. Kg1 Qg3+ 40.
Qg2 Qxh4 41. Qh2 a3 42. Qxh4+ gxh4 43. Rd6 b4 44. Ra6 f6 45. Ra4 Kh6 46. Rxb4
Kg5 47. Ra4 a2 48. Kg2 Kxf5 49. Rxa2 Kg5 50. Kh3 f5 51. Ra4 1-0

[Event "Chigorin Memorial"]
[Site "St Petersburg"]
[Date "2016.10.18"]
[Round "4.124"]
[White "Don, Aleksandr"]
[Black "Avalyan, Artur"]
[Result "1-0"]
[WhiteElo "1856"]
[BlackElo "2138"]
[PlyCount "77"]
[EventDate "2016.10.15"]
[EventType "swiss"]
[EventRounds "9"]
[EventCountry "RUS"]

1. d4 Nf6 2. c4 e6 3. Nf3 d5 4. Nc3 Be7 5. cxd5 exd5 6. Bg5 c6 7. e3 Bf5 8. Bd3
Bxd3 9. Qxd3 O-O 10. O-O Nbd7 11. Nd2 Bd6 12. f3 Qc7 13. g3 Nh5 14. Bh4 h6 15.
f4 f5 16. Nf3 Rae8 17. Ne5 Bxe5 18. fxe5 g5 19. g4 fxg4 20. Qg6+ Ng7 21. Bg3
Re6 22. Qc2 Qd8 23. e4 Nb6 24. exd5 cxd5 25. a4 Rxf1+ 26. Rxf1 h5 27. Be1 Nc4
28. Qf2 Na5 29. Qf7+ Kh7 30. Rf6 Qe8 31. Nxd5 Nc6 32. Bc3 Nd8 33. Qc7 Kh8 34.
a5 a6 35. Bb4 Qc6 36. Qxd8+ Kh7 37. Bf8 Re8 38. Qc7 Rxf8 39. Rxc6 1-0

[Event "Chigorin Memorial"]
[Site "St Petersburg"]
[Date "2016.10.18"]
[Round "4.125"]
[White "Hakobyan, Hovhannes H"]
[Black "Shapiyanov, Adam"]
[Result "1-0"]
[WhiteElo "2136"]
[BlackElo "1857"]
[PlyCount "59"]
[EventDate "2016.10.15"]
[EventType "swiss"]
[EventRounds "9"]
[EventCountry "RUS"]

1. e4 c5 2. Nf3 d6 3. d4 cxd4 4. Nxd4 Nf6 5. Nc3 a6 6. Be3 e6 7. g4 h6 8. Rg1
Qc7 9. Qd2 b5 10. a3 Bb7 11. f3 Nbd7 12. h4 e5 13. Nf5 g6 14. Nxh6 Nb6 15. g5
Nh5 16. Ng4 Nc4 17. Bxc4 Qxc4 18. O-O-O O-O-O 19. Nxe5 Qe6 20. Nd3 Bg7 21. Nb4
Kb8 22. Bd4 Rd7 23. Bxg7 Nxg7 24. Qd4 Rg8 25. Qb6 Rc8 26. Nxa6+ Ka8 27. Nxb5
Bxa6 28. Qxa6+ Kb8 29. Rxd6 Rxd6 30. Nxd6 1-0

[Event "Chigorin Memorial"]
[Site "St Petersburg"]
[Date "2016.10.18"]
[Round "4.126"]
[White "Korchagina, Viktoria"]
[Black "Sanarov, Leonid"]
[Result "1-0"]
[WhiteElo "2126"]
[BlackElo "1852"]
[PlyCount "149"]
[EventDate "2016.10.15"]
[EventType "swiss"]
[EventRounds "9"]
[EventCountry "RUS"]

1. e4 c6 2. d4 d5 3. exd5 cxd5 4. Bd3 Nc6 5. c3 Nf6 6. Bf4 Bg4 7. Qd2 e6 8. Ne2
Bh5 9. O-O Bg6 10. Re1 Be7 11. Ng3 Rc8 12. Qe2 O-O 13. Nd2 Bd6 14. Bxd6 Qxd6
15. Bxg6 hxg6 16. h4 Qf4 17. Nf3 a6 18. a4 Na5 19. Rad1 Nc4 20. b3 Na5 21. Qb2
Qc7 22. Rd3 Qb6 23. Rb1 Rc7 24. Ng5 Rfc8 25. Ne2 Qd6 26. Rh3 Nh5 27. Qd2 Rc6
28. c4 b6 29. c5 Qc7 30. b4 Nc4 31. Qd3 bxc5 32. dxc5 Nf4 33. Nxf4 Qxf4 34. Nf3
a5 35. h5 axb4 36. hxg6 Rxc5 37. gxf7+ Kxf7 38. Rxb4 Qf5 39. Qd4 R8c7 40. Rg3
e5 41. Qh4 Qf6 42. Ng5+ Ke7 43. Rf3 Qh6 44. Rf7+ Kd6 45. Qg4 Qg6 46. Rf8 Ke7
47. Rf5 R5c6 48. Rb5 Rf6 49. Rxf6 Kxf6 50. f4 Qf5 51. fxe5+ Nxe5 52. Rb6+ Rc6
53. Rxc6+ Nxc6 54. Qg3 Ne5 55. Nh3 Ng4 56. Qh4+ g5 57. Qe1 d4 58. a5 Qb5 59.
Qf1+ Qxf1+ 60. Kxf1 Ne5 61. a6 Nc4 62. Ke2 Nb6 63. Kd3 Kf5 64. Kxd4 Kg4 65. Kc5
Nc8 66. Kc6 Na7+ 67. Kb7 Nb5 68. Kb6 Nd6 69. Kc6 Nc8 70. Nf2+ Kf4 71. Nd3+ Ke3
72. Ne5 Kf4 73. Nf7 Na7+ 74. Kb6 g4 75. Kxa7 1-0

[Event "Chigorin Memorial"]
[Site "St Petersburg"]
[Date "2016.10.18"]
[Round "4.127"]
[White "Barchuk, Irina"]
[Black "Protasova, Anastasia"]
[Result "1-0"]
[WhiteElo "2126"]
[BlackElo "1847"]
[PlyCount "63"]
[EventDate "2016.10.15"]
[EventType "swiss"]
[EventRounds "9"]
[EventCountry "RUS"]

1. e4 c6 2. Nc3 d5 3. Nf3 dxe4 4. Nxe4 Nf6 5. Nxf6+ gxf6 6. g3 Bg4 7. Bg2 e6 8.
d4 Qc7 9. O-O Nd7 10. a4 O-O-O 11. c3 e5 12. Qc2 Bd6 13. Be3 e4 14. Qxe4 f5 15.
Qc2 f4 16. Bd2 Bxf3 17. Bxf3 h5 18. Qf5 Rdg8 19. Kh1 fxg3 20. hxg3 h4 21. g4 h3
22. Rae1 h2 23. Re4 f6 24. Bf4 Bxf4 25. Qxf4 Qa5 26. Re7 Qxa4 27. Be4 Qb5 28.
Re1 Rd8 29. Bf5 Qd5+ 30. f3 b6 31. Be6 Qb5 32. Qxf6 1-0

[Event "Chigorin Memorial"]
[Site "St Petersburg"]
[Date "2016.10.18"]
[Round "4.128"]
[White "Utiatskaja, Irina"]
[Black "Terekhov, Dmitriy"]
[Result "1-0"]
[WhiteElo "2123"]
[BlackElo "1844"]
[PlyCount "51"]
[EventDate "2016.10.15"]
[EventType "swiss"]
[EventRounds "9"]
[EventCountry "RUS"]

1. e4 c5 2. Nf3 d6 3. d4 cxd4 4. Nxd4 Nf6 5. Nc3 a6 6. Be2 e6 7. f4 Be7 8. O-O
O-O 9. Bf3 Qc7 10. Kh1 Bd7 11. a4 Nc6 12. Nb3 b6 13. g4 Bc8 14. g5 Nd7 15. Bg2
Bb7 16. Rf3 Rfe8 17. Rh3 Rac8 18. Be3 Na5 19. Qh5 Nf8 20. Rf1 Nc4 21. Bc1 g6
22. Qh6 Bc6 23. Nd4 e5 24. Nxc6 Qxc6 25. f5 gxf5 26. exf5 1-0

[Event "Chigorin Memorial"]
[Site "St Petersburg"]
[Date "2016.10.18"]
[Round "4.129"]
[White "Shmyrin, Mikhail"]
[Black "Veselov, Andrey"]
[Result "0-1"]
[WhiteElo "1871"]
[BlackElo "2122"]
[PlyCount "68"]
[EventDate "2016.10.15"]
[EventType "swiss"]
[EventRounds "9"]
[EventCountry "RUS"]

1. e4 c5 2. Nf3 Nc6 3. d4 cxd4 4. Nxd4 Nf6 5. Nc3 g6 6. Be3 Bg7 7. Bc4 O-O 8.
Bb3 d6 9. f3 Na5 10. Qd2 a6 11. O-O b5 12. a4 Nc4 13. Bxc4 bxc4 14. a5 Qc7 15.
Kh1 Rb8 16. Rfb1 Bd7 17. Nde2 Rfc8 18. Bb6 Qb7 19. Rd1 Bc6 20. Rab1 Nd7 21. Bd4
Qb4 22. Ra1 Bxd4 23. Nxd4 Ba8 24. Qg5 f6 25. Qh6 Nf8 26. Nd5 Bxd5 27. exd5 Qxb2
28. h3 Qc3 29. Nc6 Rb7 30. Re1 e5 31. dxe6 Rxc6 32. Rab1 Rcc7 33. Re3 Rxb1+ 34.
Kh2 Qd2 0-1

[Event "Chigorin Memorial"]
[Site "St Petersburg"]
[Date "2016.10.18"]
[Round "4.130"]
[White "Baranov, Andrey"]
[Black "Khlopushin, Dmitriy"]
[Result "1-0"]
[WhiteElo "2121"]
[BlackElo "1824"]
[PlyCount "69"]
[EventDate "2016.10.15"]
[EventType "swiss"]
[EventRounds "9"]
[EventCountry "RUS"]

1. e4 e5 2. Nf3 Nc6 3. Bb5 a6 4. Ba4 Nf6 5. O-O Nxe4 6. d4 b5 7. Bb3 d5 8. dxe5
Be6 9. Qe2 Nc5 10. Rd1 Be7 11. c4 Nxb3 12. axb3 bxc4 13. bxc4 O-O 14. Nc3 d4
15. Qe4 Qc8 16. Nxd4 Nxd4 17. Rxd4 Bc5 18. Rd1 Bg4 19. Rd5 Ba7 20. Be3 Bf5 21.
Qf4 c6 22. Rd2 Re8 23. Bxa7 Rxa7 24. h3 Rae7 25. Ra5 Qc7 26. b4 Bd7 27. Ne4 Qb8
28. c5 f6 29. Qg3 Kh8 30. exf6 Qxb4 31. fxe7 Qxa5 32. Rxd7 Qe1+ 33. Kh2 Qxe4
34. Qd6 Kg8 35. Rd8 1-0

[Event "Chigorin Memorial"]
[Site "St Petersburg"]
[Date "2016.10.18"]
[Round "4.132"]
[White "Yeritsyan, Aram"]
[Black "Fokin, Anatoly"]
[Result "1-0"]
[WhiteElo "2114"]
[BlackElo "1802"]
[PlyCount "119"]
[EventDate "2016.10.15"]
[EventType "swiss"]
[EventRounds "9"]
[EventCountry "RUS"]

1. d4 d5 2. c4 e6 3. Nf3 Nf6 4. g3 Ne4 5. e3 b6 6. Nbd2 Bd6 7. Nxe4 dxe4 8. Nd2
Bb7 9. Qc2 f5 10. c5 Be7 11. Bb5+ c6 12. Bc4 Bc8 13. cxb6 axb6 14. Qb3 Kf7 15.
f3 b5 16. Be2 exf3 17. Nxf3 Nd7 18. O-O Bf6 19. g4 g6 20. e4 Kg7 21. g5 Be7 22.
Qxe6 Ra6 23. exf5 Re8 24. fxg6 hxg6 25. Nh4 Nf8 26. Qe5+ Kg8 27. Qf4 Be6 28.
Nf3 Bf5 29. Qg3 Ne6 30. Be3 Bd6 31. Ne5 Qe7 32. Rfe1 Ra4 33. Nxc6 Qc7 34. Qg2
Qb6 35. Bf3 Ng7 36. Bf2 Rf8 37. Ne5 Qa6 38. Qg3 Qc8 39. Rac1 Qd8 40. Bd1 Ra8
41. h4 Qa5 42. a3 Qd2 43. Qc3 Qxc3 44. Rxc3 b4 45. Rc6 bxa3 46. bxa3 Bxe5 47.
Bb3+ Kh7 48. dxe5 Rxa3 49. Bc5 Rxb3 50. Bxf8 Ne6 51. Bh6 Nd4 52. Rc7+ Kh8 53.
Rf1 Rb2 54. Rf2 Rb1+ 55. Kh2 Re1 56. Rb2 Re2+ 57. Rxe2 Nxe2 58. Rc4 Kg8 59. e6
Bxe6 60. Re4 1-0

[Event "Chigorin Memorial"]
[Site "St Petersburg"]
[Date "2016.10.18"]
[Round "4.133"]
[White "Fridman, Grigory"]
[Black "Enkhbat, Tsendragchaa"]
[Result "0-1"]
[WhiteElo "1840"]
[BlackElo "2113"]
[PlyCount "80"]
[EventDate "2016.10.15"]
[EventType "swiss"]
[EventRounds "9"]
[EventCountry "RUS"]

1. e4 e5 2. Nf3 Nc6 3. Bc4 Bc5 4. d3 Nf6 5. Be3 Bb6 6. Nc3 d6 7. Nd5 Nxd5 8.
Bxd5 Qf6 9. Qd2 h6 10. h3 Ne7 11. Bb3 Be6 12. Nh2 Bxb3 13. axb3 Bxe3 14. Qxe3
a6 15. Ng4 Qe6 16. O-O O-O 17. Qd2 f5 18. exf5 Qxf5 19. Ne3 Qg5 20. Ra4 Rf4 21.
Rxf4 Qxf4 22. Qc3 c6 23. Qc4+ d5 24. Qc5 Ng6 25. Qb6 Qf7 26. d4 Re8 27. dxe5
Rxe5 28. c4 Nf4 29. Qd8+ Re8 30. Qb6 Qg6 31. Qxb7 d4 32. Ng4 h5 33. Qc7 Ne2+
34. Kh2 hxg4 35. Qd7 gxh3 36. g3 Qe6 37. Qb7 Qe4 38. Kxh3 Qf3 39. Qc7 Rf8 40.
Kh4 g5+ 0-1

[Event "Chigorin Memorial"]
[Site "St Petersburg"]
[Date "2016.10.18"]
[Round "4.134"]
[White "Vorobyova, Valeriya"]
[Black "Tersinsev, Andrey"]
[Result "1-0"]
[WhiteElo "1830"]
[BlackElo "2107"]
[PlyCount "103"]
[EventDate "2016.10.15"]
[EventType "swiss"]
[EventRounds "9"]
[EventCountry "RUS"]

1. e4 c5 2. Nf3 Nc6 3. d4 cxd4 4. Nxd4 Qb6 5. Nb3 Nf6 6. Nc3 e6 7. a3 Be7 8.
Be2 O-O 9. Be3 Qc7 10. Qd2 a6 11. f4 d6 12. O-O-O b5 13. g4 Bb7 14. g5 Nd7 15.
f5 Rfe8 16. Rhg1 Nc5 17. Nd4 Rac8 18. g6 hxg6 19. fxg6 f5 20. exf5 Nxd4 21.
Bxd4 exf5 22. Qf4 Be4 23. Qg3 Ne6 24. Be3 Bf6 25. Bd2 Nd4 26. Bd3 Nf3 27. Bxe4
fxe4 28. Rgf1 Nxd2 29. Rxd2 e3 30. Rd3 e2 31. Re1 Qc4 32. Qf3 Bh4 33. Rxe2 Bg5+
34. Kb1 Rxe2 35. Qxe2 Bf6 36. Qh5 Qc5 37. Qh7+ Kf8 38. Qh8+ Ke7 39. Nd5+ Ke6
40. Qh3+ Ke5 41. Qg3+ Kf5 42. Ne3+ Ke6 43. Qh3+ Ke7 44. Nf5+ Kd8 45. Rxd6+ Kc7
46. Qd3 Re8 47. Rd7+ Kc8 48. Rf7 Rd8 49. Qe4 Rd5 50. Ne3 Qd4 51. Qe8+ Bd8 52.
Qc6+ 1-0

[Event "Chigorin Memorial"]
[Site "St Petersburg"]
[Date "2016.10.18"]
[Round "4.135"]
[White "Zhemchuzhina, Elizaveta"]
[Black "Selivanov, Ivan"]
[Result "1-0"]
[WhiteElo "1825"]
[BlackElo "2094"]
[PlyCount "73"]
[EventDate "2016.10.15"]
[EventType "swiss"]
[EventRounds "9"]
[EventCountry "RUS"]

1. d4 Nf6 2. c4 c5 3. d5 e6 4. Nc3 exd5 5. cxd5 Bd6 6. Nf3 Bc7 7. d6 Ba5 8. Bg5
h6 9. Bd2 O-O 10. g3 Re8 11. Bg2 Re6 12. Bf4 Ne4 13. Qd3 Qf6 14. Rc1 g5 15. Bh3
Nxc3 16. bxc3 gxf4 17. Bxe6 dxe6 18. gxf4 Qxf4 19. Rg1+ Kh8 20. Nd2 Bd7 21. e3
Qf5 22. e4 Qf4 23. Qh3 Nc6 24. Rg4 Qf6 25. e5 Qxe5+ 26. Kf1 h5 27. Rh4 Kg8 28.
Rxh5 Qg7 29. Ne4 Ne5 30. Rh7 Qg6 31. Rh8+ Kg7 32. Rxa8 Qxe4 33. Qh8+ Kg6 34.
Rg8+ Kf5 35. Qh5+ Kf4 36. Qg5+ Kf3 37. Qg3# 1-0